00708nam a2200193 i 450000100060000000300090000600500170001500700030003200800410003510000450007624500920012126000480021330000220026149000320028383000400031585200210035599900170037695201210039332290ES-MaACL20251015063048.0t|030130s1913 fr ||||1| fre d1 aBernheim, Hippolyte, d1837-1919912595012aL'hysterie b: definition et conception, pathogenie, traitement /cHipótito Bernheim. a[S.l. : bs.n., c1913] (fChartres-Durand) a436 p. ; c18 cm.1 aEncyclopédie scientifique0 aEncyclopédie scientifique9180883 aES-MaACLjD-4293 c32290d32290 00104070aATENEOMbATENEOMcSVId2008-01-17eSCl0oD-4293p901033437r2023-02-23 00:00:00w2023-02-23yMONOGRAFIA